00585nam a2200217 a 4500001001300000003000900013005001700022008004100039020002300080082001700103100002400120245005200144260004400196300000900240500003500249505001000284650001800294650002000312700001600332700001900348nice12345678IN_TiNIC20260116013611.0050524s1994 lona grp 000 0 eng  a019375X c17500a954.542bSHA aSharar, Abdul Halim aLucknowb the Last Phase of an Oriental Culture aLondan bOxford University Press c1994 a299p aincludes index and biblioraphy2 aIndex aIndia-History aLucknow-History1 aE S Harcout1 aFakhir Hussain